Countries that grow the most Lentils - Statistics

General Stats
  • This quiz has been taken 28 times
  • The average score is 9 of 12
Answer Stats
Production in Tons Country % Correct
142,991 China
100%
255,061 USA
100%
1,055,536 India
96%
3,233,800 Canada
92%
365,000 Turkey
81%
181,638 Australia
77%
73,708 Iran
77%
158,228 Bangladesh
62%
139,724 Kazakhstan
58%
112,193 Syria
54%
253,041 Nepal
38%
166,274 Ethiopia
31%
No matching quizzes found
Score Distribution
Percent of People with Each Score
Percentile by Number Answered
Your Score History
You have not taken this quiz